| 000 | 00571nam a22002177a 4500 | ||
|---|---|---|---|
| 003 | OSt | ||
| 005 | 20150928141150.0 | ||
| 008 | 150916b xxu||||| |||| 00| 0 eng d | ||
| 020 | _a9781405180511 | ||
| 040 | _cDNLM | ||
| 082 | _aWA16 P447m 2009 | ||
| 100 |
_aPetrie, Aviva _95752 |
||
| 245 | _aMedical statistics at a glance | ||
| 250 | _a3rd ed. | ||
| 260 |
_aWest sussex; _bWiley, _c2009 |
||
| 300 |
_a180p; _bcol.ill: _c28cm |
||
| 504 | _aGlossary, & index included | ||
| 650 |
_aMedical statistics _91389 |
||
| 700 |
_aSabin, Caroline _95753 |
||
| 942 |
_2z _cO_SHELF |
||
| 999 |
_c2269 _d2269 |
||